Movies Quiz

Random Movies or Actor Quiz

Who Are They Lookin' At? (Movie Edition) Quiz Stats

Quiz Updated May 11, 2018

Challenge
Share
Tweet
Score 0/20 Timer 05:00
2 Plays Today
# Lookee % Correct
5Daniel Radcliffe (Harry Potter)
94%
20Mark Hamill (Luke Skywalker)
85.4%
18Johnny Depp (Captain Jack Sparrow)
83.9%
2Tobey Maguire (Peter Parker)
83.4%
13Sylvester Stallone (Rocky Balboa)
78.1%
7Frank Morgan (The Wizard)
76.7%
8Patrick Swayze (Johnny Castle)
60.4%
9Anne Bancroft (Mrs. Robinson)
56%
12Anthony Perkins (Norman Bates)
54.6%
6Tim Robbins (Andy Dufresne)
50.6%
# Lookee % Correct
4Drew Barrymore (Gertie)
48.1%
14The Gopher (Gopher)
45.3%
11Vivien Leigh (Scarlett O'Hara)
41.7%
16Mary Badham (Scout)
40.3%
10Liam Neeson (Oskar Schindler)
37.2%
3Meg Ryan (Sally Albright)
37.1%
1Ingrid Bergman (Ilsa Lund)
34.8%
17Ray Liotta (Henry Hill)
27.1%
15Shelley Duvall (Wendy Torrance)
23.9%
19Sam Neill (Alan Grant)
21.1%

You're not logged in!

Compare scores with friends on all Sporcle quizzes.
Join for Free
OR
Log In

You Might Also Like...

Show Comments

Extras

Top Quizzes Today


Score Distribution

Your Account Isn't Verified!

In order to create a playlist on Sporcle, you need to verify the email address you used during registration. Go to your Sporcle Settings to finish the process.

Report this User

Report this user for behavior that violates our Community Guidelines.

Details: